Les 5 communes les plus étendues des départements de l'Île de France - Statistiques

Statistiques générales
  • Ce quiz a été pris 217 fois
    167 depuis la dernière actualisation
  • Le résultat moyen est 12 sur 36
Statistiques - réponses
Réponse % Correct
Paris
98%
Nanterre
79%
Saint-Denis
78%
Créteil
69%
Fontainebleau
66%
Rueil-Malmaison
62%
Aulnay-sous-Bois
58%
Argenteuil
56%
Antony
51%
Gennevilliers
50%
Saint-Germain-en-Laye
50%
Tremblay-en-France
50%
Vitry-sur-Seine
50%
Champigny-sur-Marne
46%
Noisy-le-Grand
46%
Rambouillet
46%
Saint-Maur-des-Fossés
46%
Etampes
42%
Meudon
42%
Villepinte
30%
Dourdan
25%
Gonesse
23%
Sucy-en-Brie
22%
Jouy-le-Châtel
7%
Milly-la-Forêt
7%
Jouarre
6%
Luzarches
6%
Morigny-Champigny
6%
Saint-Léger-en-Yvelines
6%
Chars
5%
Le Mérévillois
4%
Sonchamp
4%
Louan-Villegruis-Fontaine
3%
Lumigny-Nesles-Ormeaux
3%
Arronville
2%
Prunay-en-Yvelines
2%
Aucun quiz correspondant
Distribution des résultats
% des personnes avec chaque résultat
Percentile par nombre de réponses
Votre historique - résultats
Vous n’avez pas pris ce quiz depuis la dernière actualisation